000 00424nam a22001817a 4500
003 OSt
005 20211103151048.0
008 211103b |||||||| |||| 00| 0 eng d
020 _a0697391949
040 _cHU
082 _a305.8/ANN
100 _aJOHN A. KEROMKOWSKI
_916790
245 _aRACE AND ETHNIC RELATIONS 98/99
250 _a9TH
260 _aAMERICA
_bHALL
_c1998
300 _a261P
942 _2ddc
_cBOOKS
_n0
999 _c16528
_d16528